Club Ayant remporté le top 14 - Statistiques

Statistiques générales
  • Ce quiz a été pris 55 fois
  • Le résultat moyen est 15 sur 28
Statistiques - réponses
Hint Réponse % Correct
24 Toulouse
100%
4 Toulon
96%
14 Stade Français
94%
1 Montpellier
88%
2 Clermont
84%
3 Bayonne
82%
5 Biarritz
78%
7 Perpignan
78%
5 Castres
76%
3 Pau
76%
2 Lyon
74%
6 Racing 92
66%
11 Béziers
60%
1 Montauban
58%
8 Agen
56%
1 Grenoble
56%
2 Bègles
54%
1 Mont de Marsan
46%
2 Narbonne
46%
2 Tarbes
46%
8 Lourdes
34%
1 La Voulte
22%
1 Quillan
16%
7 Stade Bordelais
14%
1 Carmaux
12%
1 Vienne
12%
1 FC Lyon
2%
1 Olympique
2%
Aucun quiz correspondant
Distribution des résultats
% des personnes avec chaque résultat
Percentile par nombre de réponses
Votre historique - résultats
Vous n’avez pas pris ce quiz